| 000 | 00552nam a2200205Ia 4500 | ||
|---|---|---|---|
| 005 | 20260429112220.0 | ||
| 008 | 260429s9999||||xx |||||||||||||| ||und|| | ||
| 020 | _a9788119920907 | ||
| 041 | _aEnglish | ||
| 082 |
_a630.81 _bMOR |
||
| 100 | _aWagner, Mortiz | ||
| 245 | 0 |
_aGender impact on agriculture : _benvironment and ecological concerns / _cMortiz Wagner |
|
| 250 | _a1st ed. | ||
| 260 |
_aNew Delhi : _bVenus Books, _c2024. |
||
| 300 | _aix, 296 p.; hb | ||
| 650 | _a Gender | ||
| 650 | _a India | ||
| 650 | _aAgriculture | ||
| 942 | _cTB | ||
| 999 |
_c52937 _d52937 |
||